000 00566nam a2200169Ia 4500
008 090711s9999 xx 000 0 und d
082 _b42221
100 _aभावे पुरुषोत्तम भा.
245 _aSाोरांSाा बाजार
260 _c1980
300 _a232
600 _aभावे पुरुषोत्तम भा.
630 _aSाोरांSाा बाजार
700 _aभावे पुरुषोत्तम भा.
730 _aSाोरांSाा बाजार
942 _cBOOK
999 _c294901
_d294901